000
00232nam a2200097Ia 4500
008
230915s9999 xx 000 0 und d
050
_a
QD 251.3 .C37 2003
100
_a
CAREY, FRANCIS A.
245
0
_a
ORGANIC CHEMISTRY
942
_c
BK
999
_c
190376
_d
190376